Vector mechanics for engineers (Record no. 4856)

000 -LEADER
fixed length control field 00594nam a2200217 a 4500
001 - CONTROL NUMBER
control field 4856
003 - CONTROL NUMBER IDENTIFIER
control field BD-DhUET
008 - FIXED-LENGTH DATA ELEMENTS--GENERAL INFORMATION
fixed length control field 840307s1984 nyua 001 0 eng
020 ## - INTERNATIONAL STANDARD BOOK NUMBER
International Standard Book Number 0070044384
040 ## - CATALOGING SOURCE
Original cataloging agency DLC
Transcribing agency DLC
Modifying agency BD-DhUET
082 00 - DEWEY DECIMAL CLASSIFICATION NUMBER
Classification number 620.1
Item number BEE/1984
100 ## - MAIN ENTRY--PERSONAL NAME
Personal name Beer, Ferdinand P.
245 10 - TITLE STATEMENT
Title Vector mechanics for engineers
Remainder of title statics and dynamics
250 ## - EDITION STATEMENT
Edition statement 4th ed.
260 ## - PUBLICATION, DISTRIBUTION, ETC. (IMPRINT)
Place of publication, distribution, etc. New York
Name of publisher, distributor, etc. McGraw-Hill
Date of publication, distribution, etc. 1984
300 ## - PHYSICAL DESCRIPTION
Extent xxi, 926 p.
Other physical details ill.
Dimensions 24 cm.
504 ## - BIBLIOGRAPHY, ETC. NOTE
Bibliography, etc Includes bibliographies
650 #0 - SUBJECT ADDED ENTRY--TOPICAL TERM
Topical term or geographic name as entry element Engineering instruments
700 1# - ADDED ENTRY--PERSONAL NAME
Personal name Johnston, E. Russell
942 ## - ADDED ENTRY ELEMENTS (KOHA)
Koha item type General Book
Holdings
Piece designation (barcode) Koha issues (times borrowed) Koha item type Copy number Date acquired Not for loan Shelving location Damaged status Withdrawn status Koha date last borrowed Location (home branch) Koha date last seen Lost status Koha full call number Price effective from Sublocation or collection (holding branch) Source of classification or shelving scheme Koha normalized classification for sorting
66051 General Book12014-11-23 Circulation section   Central Library, BUET2015-12-08 620.1/BEE/19842014-11-23Central Library, BUET 620_100000000000000_BEE_1984
660422General Book12014-11-24 Circulation section  2022-06-12Central Library, BUET2022-06-20 620.1/BEE/19842014-11-24Central Library, BUET 620_000000000000000_1BEE1984
660864General Book12014-11-29 Circulation section  2023-01-10Central Library, BUET2023-06-07 620.1/BEE/19842014-11-29Central Library, BUET 620_100000000000000_BEE_1984
660441General Book492014-12-11 Circulation section  2025-04-30Central Library, BUET2025-05-28 620.1 /BEE/19842014-12-11Central Library, BUET 620_100000000000000_BEE_1984
66012 General Book12014-12-11 Circulation section   Central Library, BUET2015-02-23 620.1/BEE/19842014-12-11Central Library, BUET 620_100000000000000_BEE_1984
66043 General Book62015-01-19 Circulation section   Central Library, BUET2015-12-22 620.1/BEE/19842015-01-19Central Library, BUET 620_100000000000000_BEE_1984
813361General Book72015-02-16 Circulation section  2022-11-21Central Library, BUET2022-12-13 620.1/BEE/19842015-02-16Central Library, BUET 620_100000000000000_BEE_1984
660481General Book12015-04-01 Circulation section  2018-04-18Central Library, BUET2018-04-30 620.1/BEE/19842015-04-01Central Library, BUET 620_100000000000000_BEE_1984
66015 Reading Item92015-06-21 Reading section   Central Library, BUET2015-06-21 620.1/BEE/19842015-06-21Central Library, BUET 620_100000000000000_BEE_1984
66014 General Book102015-06-22 Reading section   Central Library, BUET2015-06-22 620.1/BEE/19842015-06-22Central Library, BUET 620_100000000000000_BEE_1984
66013 General Book112015-06-22 Reading section   Central Library, BUET2015-06-22 620.1/BEE/19842015-06-22Central Library, BUET 620_100000000000000_BEE_1984
66095 Reading Item122015-06-29 Reading section   Central Library, BUET2015-06-29 620.01/BEE/19842015-06-29Central Library, BUET 620_010000000000000_BEE_1984
75502 General Book132015-07-28 Circulation section   Central Library, BUET2015-07-28 620.1/BEE/19842015-07-28Central Library, BUET 620_100000000000000_BEE_1984